• 首页
  • 本馆介绍
  • 公告通知
  • 最新文献
  • 馆藏检索
  • 电子资源
  • 读者导购
  • 参考咨询
  • 我的图书馆
  • 登录
  • 详细信息显示
  • 放入我的书架
  • 预约/预借图书
  • 作者相关作品
  • 分类相关作品
  • 丛书相关作品
  • 出版社相关作品

书目信息

  • 表格格式
  • 工作单格式
  • 卡片格式
题名:
日语专业八级考试
    
 
作者: 孙成岗 , 李先瑞 总主编 ;贾友江 , 史军 册主编
分册:   听力理解篇
出版信息: 大连   大连理工大学出版社  2014
页数: 239页
开本: 26cm
丛书名: 高等院校外语专业四·八级考试辅导丛书
单 册:
中图分类: H360.421
科图分类:
主题词: 日语--Ri Yu--高等学校--自学参考资料 , 日语--Ri Yu--听力--高等学校--自学参考资料
电子资源:
ISBN: 978-7-5611-9545-1
000 01326nam0 22003131 450
001 349668
005 20161010094557.18
010    @a978-7-5611-9545-1@dCNY35.00
100    @a20141220d2014 em y0chiy50 ea
101 0  @achi@ajpn
102    @aCN@b210000
105    @ay z 000yy
106    @ar
200 1  @a日语专业八级考试@ARi Yu Zhuan Ye Ba Ji Kao Shi@i听力理解篇@f孙成岗,李先瑞总主编@g贾友江,史军本册主编
210    @a大连@c大连理工大学出版社@d2014
215    @a239页@d26cm@e1光盘
225 2  @a高等院校外语专业四·八级考试辅导丛书@AGao Deng Yuan Jiao Wai Yu Zhuan Ye Si Ba Ji Kao Shi Fu Dao Cong Shu@f孙成岗主编
307    @a附光盘:ISRC CN-Q08-14-00077 ISBN 978-7-88879-580-8
330    @a本书分为考前指导、热身练习、近年真题分析与对策、真题解析、专项训练和模拟试题六部分,内容包括:大纲要求解析、题型分析、出题倾向与解题技巧等。
461  0 @12001 @a高等院校外语专业四·八级考试辅导丛书@f孙成岗主编
606 0  @a日语@ARi Yu@x高等学校@j自学参考资料
606 0  @a日语@ARi Yu@x听力@x高等学校@j自学参考资料
690    @aH360.421@v5
701  0 @a孙成岗@ASun Cheng Gang@f(1965~)@4总主编
701  0 @a李先瑞@ALi Xian Rui@f(1967~)@4总主编
702  0 @a贾友江@AJia You Jiang@4册主编
702  0 @a史军@AShi Jun@f(1980~)@4册主编
801  0 @aCN@bTANGWEI@20160730
905    @b0886165-9@dH360.421@e544@f5
    
    日语专业八级考试.听力理解篇/孙成岗,李先瑞总主编/贾友江,史军本册主编 .-大连:大连理工大学出版社,2014
    239页;26cm+1光盘.-(高等院校外语专业四·八级考试辅导丛书/孙成岗主编)
    
    
    ISBN 978-7-5611-9545-1:CNY35.00
    本书分为考前指导、热身练习、近年真题分析与对策、真题解析、专项训练和模拟试题六部分,内容包括:大纲要求解析、题型分析、出题倾向与解题技巧等。
●
相关链接 在E读中查询图书 在五车中查询图书 在当当中查询图书 在豆瓣中查询图书


正题名:日语专业八级考试     索取号:H360.421/544         预约/预借

序号 登录号 条形码 馆藏地/架位号 状态 备注
1 0886165   208861659   第二样本阅览室/ [索取号:H360.421/544] 在馆    
2 0886166   208861668   第四借阅区/ [索取号:H360.421/544] 在馆    
3 0886167   208861677   第四借阅区/ [索取号:H360.421/544] 在馆    
4 0886168   208861686   第四借阅区/ [索取号:H360.421/544] 在馆    
5 0886169   208861695   第四借阅区/ [索取号:H360.421/544] 在馆    
唐山师范学院图书馆 欢迎您!
大连网信软件有限公司© 版权所有